| 000 | 01568nac a22002651u 4500 | ||
|---|---|---|---|
| 010 | _a 00053766 | ||
| 020 | _a0130105732 | ||
| 082 | 0 | 0 |
_a621.3 _bB7927 |
| 090 |
_c74 _d74 |
||
| 100 | _aBoylestad, Robert L. | ||
| 245 | 1 | 0 |
_aIntroduction to electricity, electronics, and electromagnetics / _cRobert L. Boylestad, Louis Nashelsky. |
| 250 | _a5th ed. | ||
| 260 |
_aUpper Saddle River, NJ : _bPrentice Hall, _cc2002. |
||
| 300 |
_axiv, 666 p. : _bill. ; _c27 cm. |
||
| 500 | _aRev. ed. of: Electronics. 4th ed., c1996. | ||
| 500 | _aIncludes index. | ||
| 505 | 8 | _aMachine generated contents note: 1 Introduction 1 -- 2 Dc Networks 5 -- 3 Series-Parallel Dc Networks, Theorems, and Storage Elements 73 -- 4 Ac Networks 131 -- 5 Ac Network Theorems, Polyphase Systems, and Resonance 197 -- 6 Electromagnetism 255 -- 7 Generators and Motors 293 -- 8 Two-Terminal Electronic Devices 339 -- 9 Transistors and Other Important Electronic Devices 399 -- 10 Operational Amplifiers (Op-Amps) 477 -- 11 Multistage and Large-Signal Amplifiers 495 -- 12 Communications 531 -- 13 Digital Computers 561 -- 14 Control Systems 587 -- 15 Power Supplies: Linear ICs and Regulators 607. | |
| 650 | 0 | _aElectric engineering. | |
| 650 | 0 | _aElectronics. | |
| 700 | 1 | _aNashelsky, Louis. | |
| 700 | 1 | _aBoylestad, Robert L. | |
| 856 | 4 | 1 |
_3Table of contents _uhttp://www.loc.gov/catdir/toc/fy033/00053766.html |
| 942 |
_cBB _k621.3B7927 |
||
| 999 |
_c74 _d74 |
||